Riconosci lo Stato - Quiz n°102 - Statistics

Statistiche generali
  • Questo quiz è stato fatto 28 volte
  • Il punteggio medio è 11 su 12
Statistiche sulle risposte
Indizio Risposta % Corretto
Iniziale della Capitale B
96%
Indipendenza dalla Spagna
20 luglio 1810 (dichiarata)
7 agosto 1819 (riconosciuta)
96%
ISU 0,761
92%
Tasso di crescita 1,08%
92%
Superficie 1.141.748 km²
92%
PIL (nominale) 309 191 milioni di $
92%
Popolazione 51.322.788 ab.
92%
Risposta Colombia
92%
Presidente della Repubblica Gustavo Petro
92%
Valuta Peso
92%
Forma di Governo Repubblica presidenziale
92%
Fuso Orario UTC-5
92%
Nessun quiz corrispondente trovato
Distribuzione punteggi
Percentuale di utenti per punteggio
Percentile per numero di risposta
I tuoi punteggi nel tempo
Non hai fatto questo quiz